| 000 | 00459nam a2200169Ia 4500 | ||
|---|---|---|---|
| 999 |
_c37444 _d37444 |
||
| 003 | OSt | ||
| 005 | 20200929113355.0 | ||
| 008 | 190216s9999||||xx |||||||||||||| ||und|| | ||
| 040 | _coclc | ||
| 082 |
_a590 _bBHA/S |
||
| 100 |
_aBhaskaran, K K _94912 |
||
| 245 | 0 |
_aSubsidiary Zoology / _cK K Bhaskaran |
|
| 260 |
_bManjusha Publications, _aCalicut: |
||
| 300 | _a256p | ||
| 650 | _aZoology | ||
| 942 |
_cBK _2ddc _h590 _iBHA/S _k590 _mBHA/S |
||